000 01019nam2a2200229 4500
001 rc\2932212
005 20260315055227.0
035 _a(NLR Aleph) 007081538
090 _a13597482
_c13597482
100 _a20110819d1934 u y0rusy50 ca
101 0 _arus
102 _aRU
105 _ay z |||||
200 1 _aУчет основных средств
210 _d1934
215 _aОбл., 25 с.
461 0 _1001rc\2932211
_12001#$aБухгалтерский учет производства$e(В конспективном изложении) ...$fЗайцев И.Г.$gВорон. облбюро О-ва соц. учета$vЛекция 2
_1700#1$aЗайцев$bИ.Г.
_96482157
_aЗайцев, И.Г.
_cВоронеж
_d1934
_fЗайцев И.Г.
_nБ. и.
_o(В конспективном изложении) ...
_tБухгалтерский учет производства
_vЛекция 2
801 0 _aRU
_bNLR
_gpsbo
801 1 _aRU
_bELAR
_2rusmarc
852 _aNLR
_j34-17/433(2)
942 _cUNSPEC
980 _aNB